| Tag |
First Indicator |
Second Indicator |
Subfields |
| LEADER |
00000cam a2200000 4500 |
| 001 |
in00000094266 |
| 005 |
20150927110421.0 |
| 008 |
761004s1943 en 00000 eng d |
| 010 |
|
|
|a 44002408
|
| 035 |
|
|
|a (OCoLC)02479350
|
| 035 |
|
|
|9 AAL6125AM
|
| 040 |
|
|
|a TLM
|c TLM
|d TXA
|d UtOrBLW
|
| 049 |
|
|
|a TXAM
|c 1 [136070]
|c 2 [400813]
|
| 090 |
|
|
|a TP983
|b .B85 1943
|
| 100 |
1 |
|
|a Bushby, Robert.
|
| 245 |
1 |
0 |
|a Cosmetics and how to make them /
|c by Robert Bushby ...
|
| 250 |
|
|
|a 3d ed.
|
| 264 |
|
1 |
|a London :
|b Pitman,
|c 1943.
|
| 300 |
|
|
|a 182 pages
|
| 336 |
|
|
|a text
|b txt
|2 rdacontent
|
| 337 |
|
|
|a unmediated
|b n
|2 rdamedia
|
| 338 |
|
|
|a volume
|b nc
|2 rdacarrier
|
| 650 |
|
0 |
|a Cosmetics.
|
| 999 |
|
|
|a MARS
|
| 999 |
f |
f |
|s b6279150-9a8e-31af-b4f8-818f1a54ed5b
|i 637e0104-04ad-30a8-a116-f76776a17542
|t 0
|
| 952 |
f |
f |
|p ric
|a Texas A&M University
|b Rellis Campus
|c Joint Library Facility
|d Remote Storage
|t 0
|e TP983 .B85 1943
|h Library of Congress classification
|i unmediated -- volume
|m A14805618847
|
| 998 |
f |
f |
|a TP983 .B85 1943
|t 0
|l Remote Storage
|